Kalama de dhanī. (Record no. 79571)

MARC details
000 -LEADER
fixed length control field 00614cam a22002411 4500
001 - CONTROL NUMBER
control field sa 68003552
003 - CONTROL NUMBER IDENTIFIER
control field DLC
005 - DATE AND TIME OF LATEST TRANSACTION
control field 20260227112454.0
008 - FIXED-LENGTH DATA ELEMENTS--GENERAL INFORMATION
fixed length control field 940805m19651966ii b 000 0 pano
010 ## - LIBRARY OF CONGRESS CONTROL NUMBER
LC control number sa 68003552
025 ## - OVERSEAS ACQUISITION NUMBER
Overseas acquisition number PL480:I-Pu-736
035 ## - SYSTEM CONTROL NUMBER
System control number (OCoLC)30890847
040 ## - CATALOGING SOURCE
Original cataloging agency DLC
Transcribing agency CU
Modifying agency CU
-- DLC
042 ## - AUTHENTICATION CODE
Authentication code premarc
050 00 - LIBRARY OF CONGRESS CALL NUMBER
Classification number PK2651
Item number .P3
100 1# - MAIN ENTRY--PERSONAL NAME
Personal name Padama, Piārā Siṅgha,
Dates associated with a name 1921-2001.
245 10 - TITLE STATEMENT
Title Kalama de dhanī.
260 ## - PUBLICATION, DISTRIBUTION, ETC.
Date of publication, distribution, etc. [1965-66; v.1, 1966]
300 ## - PHYSICAL DESCRIPTION
Extent 2 v.
Dimensions 20 cm.
500 ## - GENERAL NOTE
General note In Panjabi.
504 ## - BIBLIOGRAPHY, ETC. NOTE
Bibliography, etc. note Bibliographical footnotes.
650 #0 - SUBJECT ADDED ENTRY--TOPICAL TERM
Topical term or geographic name entry element Authors, Panjabi.

No items available.

Powered by Koha